000 00347nam a2200157Ia 4500
003 OSt
005 20240306094153.0
008 170523s9999 xx 000 0 und d
020 _a978-0256136197
040 _ciimtu meerut
100 _aBYARS
245 0 _aSTRATEGIC MANAGEMENT
260 _bIRWIN PUBLICATION
260 _c2001
942 _2ddc
_c02
999 _c952
_d952